000 00677nmm a2200229 a 4500
003 AR-BaBNM
005 20251128202848.0
008 307019s1959 ||||||||||||||000 | spa||
040 _cAR-BaBNM
100 0 _aGonzález Porto-Bompiani
245 1 0 _aDiccionario literario de obras y personajes de todos los tiempos y de todos los países
_n3
260 _aBarcelona
_bMontaner y Simón
_c1959
300 0 _a928 p.
_bil., láms.
500 0 _aEl volumen 3 abarca CAP-DH
500 0 _aLos artículos están firmados por sus autores
650 4 _aDICCIONARIOS
650 4 _aLITERATURA
650 4 _aOBRAS LITERARIAS
655 _aREFERENCIA
942 _cBK
998 _claura
999 _c939
_d939